| 000 | 00798nam a22002057a 4500 | ||
|---|---|---|---|
| 999 |
_c39910 _d39910 |
||
| 005 | 20251125232933.0 | ||
| 008 | s2533 th tha d | ||
| 020 | _a9748359867 | ||
| 040 | _aNALT | ||
| 041 | _atha | ||
| 050 |
_aDS578.32 _bพ857น26ห |
||
| 100 | 0 | _aนรุตม์ | |
| 245 | 1 | 0 | _aหลากบทชีวิต ท่านผู้หญิงพูนสุข พนมยงค์ |
| 260 | 3 |
_aกรุงเทพฯ : _bอมรินทร์พริ้นติ้ง กรุ๊ป, _c2533 |
|
| 300 |
_a168 หน้า : _bภาพประกอบ |
||
| 650 | 0 | 4 | _aพูนศุข พนมยงค์, ท่านผู้หญิง, 2455-- |
| 850 | _aNALT | ||
| 856 | 4 | 0 |
_uhttps://hdl.handle.net/20.500.14156/386264 _71 |
| 942 |
_cGB _2lcc |
||